[Event "Gibtelecom Masters"]
[Site "Gibraltar ENG"]
[Date "2006.01.31"]
[Round "8"]
[White "Zhu Chen"]
[Black "Roy Chowdhury,S"]
[Result "1/2-1/2"]
[WhiteElo "2482"]
[BlackElo "2393"]

1.e4 c5 2.Nf3 Nc6 3.Bb5 d6 4.O-O Bd7 5.c3 Nf6 6.Re1 a6 7.Ba4 b5 8.Bc2 e5
9.h3 Be7 10.d4 Qc7 11.dxc5 dxc5 12.Nbd2 O-O 13.Nf1 Rfd8 14.Qe2 Be6 15.Ne3 Bf8
16.a4 c4 17.Ng5 Na5 18.Nxe6 fxe6 19.axb5 axb5 20.Ng4 Be7 21.Nxf6+ Bxf6 22.Qg4 Qc6
23.h4 Nb7 24.Be3 Re8 25.h5 Nd8 26.h6 g6 27.f4 Rxa1 28.Rxa1 exf4 29.e5 Bxe5
30.Ra7 Nb7 31.Bxg6 hxg6 32.Qxg6+ Kh8 33.Bd4 Bxd4+ 34.cxd4 Qd7 35.Rxb7 Qxb7
36.Qxe8+ Kh7 37.Qxe6 b4 38.Qxc4 Kxh6 39.Qe6+ Kg5 40.Qe5+ Kg4 41.d5 Qb6+ 42.Kf1 Qc5
43.b3 Qc1+ 44.Qe1 Qc5 45.Qd1+ Kf5 46.d6 Qb5+ 47.Qe2 Qd7 48.Qe7 Qb5+ 49.Kg1 Qc5+
50.Kh2 Qc3 51.Qe8 Qxb3 52.d7 Qg3+ 53.Kg1 f3 54.Qf7+ Ke5 55.Qe7+ Kf5 56.Qf7+ Ke5
57.Qxf3 Qe1+ 58.Kh2 Qh4+ 59.Qh3 Qd8 60.Qe3+ Kd5 61.Qe8 Qh4+ 62.Kg1 Qd4+ 63.Kf1 Qf4+
64.Ke1 Qh4+ 65.Kd2 Qd4+ 66.Ke2 Qg4+ 67.Ke3 Qg5+ 68.Kf3 Qf5+ 69.Kg3 Qg5+ 70.Kh3 Qh6+
71.Kg4 Qg7+ 72.Kh4 Qf6+ 73.Kh5 Qf5+ 74.Kh6 Qf4+ 75.Kg7 Qg5+ 76.Kh7 Qh4+ 77.Kg6 Qg4+
78.Kh6 Qf4+ 79.Kh5 Qf5+ 80.Kh4 Qf6+ 81.Kg4 Qg7+ 82.Kf3 Qf6+ 83.Ke2 Qb2+ 84.Ke1 Qa1+
85.Kf2 Qf6+ 86.Kg3 Qg5+ 87.Kh3 Qh6+ 88.Kg4 Qg7+  1/2-1/2

[Event "Gibtelecom Masters"]
[Site "Gibraltar ENG"]
[Date "2006.02.01"]
[Round "9"]
[White "Ashton,A"]
[Black "Zhu Chen"]
[Result "0-1"]
[WhiteElo "2321"]
[BlackElo "2482"]

1.e4 c5 2.Nf3 d6 3.d4 cxd4 4.Nxd4 Nf6 5.Nc3 e6 6.g4 h6 7.h3 a6 8.Bg2 Qc7
9.Be3 Nc6 10.Qe2 Bd7 11.f4 Be7 12.O-O-O O-O-O 13.Nb3 Na5 14.Nxa5 Qxa5 15.Qf2 Kc7
16.e5 Ne8 17.Rd5 b5 18.Rd4 Bc6 19.Bxc6 Kxc6 20.f5 Bg5 21.fxe6 fxe6 22.Bxg5 hxg5
23.exd6 Nxd6 24.Qf3+ Kc7 25.Kb1 Nc4 26.Rhd1 Rxd4 27.Rxd4 Qb4 28.Qg3+ Kc8
29.Kc1 Qxb2+ 30.Kd1 Rf8 31.Rxc4+ bxc4 32.Qe3 Rd8+ 33.Ke1 Rd6 34.Qc5+ Kd7
35.Qa7+ Ke8 36.Qa8+ Kf7 37.Qf3+ Ke7 38.Qe3 Kf7 39.Qf3+ Kg8 40.Qa8+ Kh7 41.Qe4+ Kh6  0-1

[Event "North Urals Cup"]
[Site "Krasnoturyinsk RUS"]
[Date "2006.07.01"]
[Round "9"]
[White "Chiburdanidze,M"]
[Black "Zhu Chen"]
[Result "1/2-1/2"]
[WhiteElo "2504"]
[BlackElo "2476"]

1.d4 d5 2.c4 c6 3.Nf3 Nf6 4.Nc3 dxc4 5.a4 Bf5 6.Ne5 Nbd7 7.Nxc4 Qc7 8.g3 e5
9.dxe5 Nxe5 10.Bf4 Nfd7 11.Bg2 g5 12.Bxe5 Nxe5 13.Qd4 f6  1/2-1/2

[Event "North Urals Cup"]
[Site "Krasnoturyinsk RUS"]
[Date "2006.07.23"]
[Round "1"]
[White "Zhu Chen"]
[Black "Cmilyte,V"]
[Result "1-0"]
[WhiteElo "2476"]
[BlackElo "2476"]

1.e4 e5 2.Nf3 Nf6 3.Nc3 Nc6 4.Bb5 Bb4 5.O-O O-O 6.d3 Bxc3 7.bxc3 d6 8.Bg5 h6
9.Bh4 a6 10.Bxc6 bxc6 11.h3 Re8 12.Re1 Rb8 13.Qd2 Qe7 14.c4 Qe6 15.Rab1 Rb6
16.Bxf6 Qxf6 17.Qe3 c5 18.Rxb6 cxb6 19.Rb1 Qd8 20.Qc1 Re7 21.Qa3 Ra7 22.Nh2 Qc7
23.Qb3 Rb7 24.Qa4 Rb8 25.Nf1 Qd7 26.Qa3 b5 27.Qa5 Rb7 28.Ne3 Kh7 29.Rb3 Qc6
30.Kh2 Be6 31.Nd5 f5 32.cxb5 axb5 33.Qa8 Bxd5 34.exd5 Qd7 35.Ra3 Qf7 36.Ra6 Rd7
37.Qc8 e4 38.dxe4 fxe4 39.Kg1 Re7 40.Rxd6 Qf4 41.Qxc5 e3 42.fxe3 Rxe3 43.Re6 Rxe6
44.dxe6 Qc1+ 45.Kh2 Qf4+ 46.Kh1 Qf1+ 47.Qg1 Qe2 48.Qb1 Kh8 49.e7 Qxe7 50.Qxb5 Qe3
51.Qb8+ Kh7 52.Qc7 Qe1+ 53.Kh2 Qa1 54.c4 Qxa2 55.c5 Kg6 56.Qd6+ Kf7 57.c6 Qe6
58.Qc5 Qc8 59.c7 Ke6 60.Qc6+ Ke7 61.Kh1 h5 62.Kg1 h4 63.Kh1 g6  1-0

[Event "Northern Urals Cup"]
[Site "Krasnoturyinsk RUS"]
[Date "2006.07.24"]
[Round "2"]
[White "Zhu Chen"]
[Black "Mkrtchian,L"]
[Result "1-0"]
[WhiteElo "2476"]
[BlackElo "2459"]

1.d4 d5 2.c4 e6 3.Nc3 Be7 4.Nf3 Nf6 5.Bg5 h6 6.Bh4 O-O 7.e3 b6 8.Qb3 Bb7
9.Bxf6 Bxf6 10.cxd5 exd5 11.Rd1 Re8 12.a3 c6 13.Bd3 Ba6 14.Bxa6 Nxa6 15.Qa4 Qc8
16.O-O Re6 17.Rd2 Qb7 18.Rfd1 Nc7 19.Qc2 a5 20.Na4 Nb5 21.Rd3 Rb8 22.Rb3 Qe7
23.h3 Qd8 24.Ne5 Bxe5 25.dxe5 Qe8 26.f4 f6 27.exf6 Rxf6 28.Nxb6 Rxb6 29.a4 Re6
30.axb5 Rxe3 31.bxc6 Rxc6 32.Qxc6 Qxc6 33.Rxe3 Qb6 34.Rd3 a4 35.Kh2 Qxb2
36.Rxd5 Qb4 37.Rf3 Kh7 38.Rd7 Qb8 39.Rd4 Qa7 40.Rdd3 Qc7 41.Rc3 Qa5 42.Rce3 Qb4
43.Ra3 Qd4 44.Kg3 Qb4 45.Ra1 Qd4 46.Rfa3 g5 47.fxg5 Qe5+ 48.Kf2 Qc5+ 49.Kf1 hxg5
50.Rxa4 Kg6 51.Ra6+ Kh5 52.R6a5 Qd4 53.R5a4 Qb6 54.R4a2 Qd4 55.Ra3 Qc5 56.R1a2 Qc1+
57.Kf2 Qc5+ 58.Re3 Qf5+ 59.Ke2 Qb5+ 60.Rd3 Qe5+ 61.Kd1 Qe4 62.Rad2 Qa4+ 63.Ke2 Qc4
64.Kf2 Qc5+ 65.Re3 Qa7 66.Re2 Qd4 67.Kf1 Qa1+ 68.Re1 Qa6+ 69.Kg1 Qa5 70.Kh2 Qd2
71.R1e2 Qd6+ 72.Rg3 Qf4 73.Re8 Qd4 74.Ra8 Qe5 75.Rg8  1-0

[Event "North Urals Cup"]
[Site "Krasnoturyinsk RUS"]
[Date "2006.07.25"]
[Round "3"]
[White "Matveeva,S"]
[Black "Zhu Chen"]
[Result "1/2-1/2"]
[WhiteElo "2454"]
[BlackElo "2476"]

1.d4 d5 2.c4 c6 3.Nc3 Nf6 4.Nf3 e6 5.Bg5 h6 6.Bxf6 Qxf6 7.e3 Nd7 8.Bd3 Bd6
9.O-O Qe7 10.a3 O-O 11.Rc1 a6 12.c5 Bc7 13.e4 dxe4 14.Nxe4 e5 15.Nd6 exd4
16.Re1 Qf6 17.Ne8 Qd8 18.Nxc7 Qxc7 19.Re7 Qd8 20.Re4 Nf6 21.Rxd4 Qe7 22.h3 Be6
23.Qe2 Rfe8 24.b4  1/2-1/2

[Event "North Urals Cup"]
[Site "Krasnoturyinsk RUS"]
[Date "2006.07.26"]
[Round "4"]
[White "Zhu Chen"]
[Black "Stefanova,A"]
[Result "1/2-1/2"]
[WhiteElo "2476"]
[BlackElo "2520"]

1.e4 e5 2.Nf3 Nc6 3.Bb5 a6 4.Ba4 Nf6 5.d3 b5 6.Bb3 Bc5 7.Nc3 d6 8.Nd5 Ng4
9.O-O Na5 10.Bg5 f6 11.Bd2 c6 12.Bxa5 Qxa5 13.Nc3 Qb6 14.Qe2 Nh6 15.a4 b4
16.a5 Qc7 17.Na4 Ba7 18.d4 Bg4 19.Qxa6 Bxf3 20.gxf3 exd4 21.Nb6 Rb8 22.Rfd1 Nf7
23.Rxd4 Bxb6 24.axb6 Rxb6 25.Bxf7+ Kxf7 26.Qc4+ Ke7 27.f4 Re8 28.Rad1 c5
29.e5 dxe5 30.fxe5 fxe5 31.Rd5 Rg6+ 32.Kf1 Qc8 33.R1d3 Qe6 34.Rxc5 Qxc4 35.Rxc4 Rb8
36.Rc7+ Ke6 37.Rdd7 Rh6 38.Re7+ Kf5 39.Rf7+ Ke4 40.h4 Kd5 41.Rfd7+ Ke6 42.Rxg7 Rxh4
43.Rxh7 Rxh7 44.Rxh7 Rc8 45.Rb7 Rxc2 46.Rxb4 Kf5 47.Kg2 e4 48.Kg3 Rd2 49.Rb8 Rd3+
50.Kg2 Rd2 51.Kf1 Kf4 52.Ke1 Rc2 53.b4 Rb2 54.b5 Kf3 55.b6 Rb1+ 56.Kd2 Kxf2
57.Rf8+ Kg3 58.Rf6 Kg4 59.Ke3 Kg5 60.Rc6 Kf5 61.Kd4  1/2-1/2

[Event "North Urals Cup"]
[Site "Krasnoturyinsk RUS"]
[Date "2006.07.27"]
[Round "5"]
[White "Hou Yifan"]
[Black "Zhu Chen"]
[Result "0-1"]
[WhiteElo "2488"]
[BlackElo "2476"]

1.e4 e5 2.Nf3 Nc6 3.Bb5 a6 4.Ba4 Nf6 5.O-O Be7 6.Qe2 b5 7.Bb3 d6 8.c3 O-O
9.Rd1 Na5 10.Bc2 c5 11.d4 Qc7 12.d5 c4 13.b4 Nb7 14.a4 Bd7 15.a5 Kh8 16.h3 Ng8
17.Nbd2 g6 18.Nf1 f5 19.exf5 Bxf5 20.Ng3 Bxc2 21.Qxc2 Nd8 22.Be3 Nf7 23.Nd2 Nfh6
24.f3 Qb7 25.Ndf1 Bf6 26.Ra2 Qg7 27.Kh1 Rad8 28.Qf2 Rd7 29.Bxh6 Nxh6 30.Qb6 Ra8
31.Ne4 Be7 32.Rf2 Nf5 33.Re2 Qf8 34.Nfg3 Bd8 35.Qg1 Rf7 36.Qh2 Nh4 37.Nf1 Kg8
38.Nfd2 Rb8 39.Rf1 Be7 40.Qg1 Rb7 41.Qf2 Nf5 42.g3 Ng7 43.Kg2 Nh5 44.Qe3 h6
45.Rff2 Kh7 46.Nf1 Ng7 47.Qd2 Bd8 48.Ne3 Bc7 49.Ng4 Nh5 50.Rf1 Bb8 51.Qc1 Rbd7
52.Qe1 Ba7 53.Qc1 Rd8 54.h4 Rdd7 55.Qd2 Rf5 56.Ne3 Bxe3 57.Qxe3 Rb7 58.Kh2 Rff7
59.Ref2 Rb8 60.Re2 Qd8 61.Qf2 Rbb7 62.Qg2 Rf8 63.Qh3 Ng7 64.Ref2 Rbf7 65.Qg4 Nf5
66.Re1 Qa8 67.Rd2 Qb8 68.Rf2 Qa7 69.Qh3 Qa8 70.g4 Ng7 71.g5 h5 72.Nxd6 Rf4
73.Ree2 Qxd5 74.Rd2 Qc6 75.Kg1 Rxf3 76.Rxf3 Rxf3 77.Qg2 e4 78.Rd4 Rxc3 79.Nxe4 Rc1+
80.Kh2 Qc7+ 81.Qg3 Rc2+ 82.Kg1 Qxg3+ 83.Nxg3 Rb2 84.Rd8 Nf5 85.Rd7+ Kg8 86.Ne4 Kf8
87.Nf6 Ne7 88.Rd8+ Kf7 89.Rd7 c3 90.Nd5 Ke6 91.Rxe7+ Kxd5  0-1

[Event "North Urals Cup"]
[Site "Krasnoturyinsk RUS"]
[Date "2006.07.29"]
[Round "6"]
[White "Zhu Chen"]
[Black "Lahno,Kateri"]
[Result "1/2-1/2"]
[WhiteElo "2476"]
[BlackElo "2449"]

1.d4 Nf6 2.c4 e6 3.Nf3 c5 4.d5 exd5 5.cxd5 d6 6.Nc3 g6 7.Bf4 Bg7 8.Qa4+ Bd7
9.Qb3 Qc7 10.h3 O-O 11.Nd2 b5 12.e3 a6 13.Be2 Re8 14.Bf3 Bf5 15.O-O Bd3 16.Rfc1 Nbd7
17.a4 Rab8 18.axb5 Bxb5 19.Nxb5 axb5 20.Ra6 Ne5 21.Bxe5 Rxe5 22.Rc6 Qd8 23.Ra1 c4
24.Qd1 Re7 25.Raa6 Ne8 26.Qa1 Rc7 27.Ne4 Be5 28.Qa2 Rxc6 29.dxc6 Nc7 30.Ra7 b4
31.g3 b3 32.Qa5 d5 33.Nd2 Qd6 34.e4 Rb5 35.Qxc7 Qxc7 36.Rxc7 Bxc7 37.exd5 c3
38.bxc3 b2 39.Be4 f5 40.Bd3 Ra5 41.Kf1 Kf8 42.c4 Ke7 43.Ke2 Ra3 44.c5 Rc3
45.d6+ Bxd6 46.cxd6+ Kxd6 47.Nb1 Rxc6 48.Kd2 Rc1 49.h4 Ke5 50.Nc3 Rh1 51.Nd1 f4
52.Nxb2 Rh2 53.gxf4+ Kxf4 54.Ke2 Rxh4 55.Nc4 Rh5 56.Kf1 Rg5 57.Ne3 Ra5 58.Ng2+ Ke5
59.Kg1 Ra3 60.Bc4 h5 61.Kh2 Rf3 62.Kg1 Rc3 63.Bf7 Kf6 64.Be8 Rc8 65.Bb5 g5
66.Ne3 g4 67.Kg2 Kg5 68.Be2 Ra8 69.Bd1 Ra2 70.Bb3 Rb2 71.Be6 Kf4 72.Nf1 h4
73.Kg1 Rb1 74.Bc4 Rc1 75.Be2 Re1 76.Ba6 h3 77.Bb5 Rc1 78.Ba6 Rb1 79.Bd3 Rb3
80.Be2 Rb1 81.Bc4 Rc1 82.Ba6 Kf3 83.Bb7+ Ke2 84.Ba6+ Kf3 85.Bb7+ Ke2 86.Ba6+  1/2-1/2

[Event "North Urals Cup"]
[Site "Krasnoturyinsk RUS"]
[Date "2006.07.30"]
[Round "7"]
[White "Kosintseva,T"]
[Black "Zhu Chen"]
[Result "0-1"]
[WhiteElo "2479"]
[BlackElo "2476"]

1.e4 e5 2.Nf3 Nc6 3.Bb5 a6 4.Ba4 Nf6 5.O-O Be7 6.Re1 b5 7.Bb3 O-O 8.d4 d6
9.c3 Bg4 10.d5 Na5 11.Bc2 c6 12.h3 Bc8 13.dxc6 Qc7 14.Nbd2 Qxc6 15.Nf1 Be6
16.Ng3 Rfe8 17.Ng5 Bd7 18.Qe2 h6 19.Nf3 Bf8 20.Nh2 Rac8 21.Qf3 d5 22.exd5 Qxd5
23.Ne4 Nxe4 24.Bxe4 Qe6 25.Ng4 Bc6 26.Bxc6 Nxc6 27.a3 e4 28.Qe2 f5 29.Nh2 Ne5
30.Be3 Bd6 31.Bd4 Nd3 32.Red1 Qg6 33.Kh1 Bb8 34.f3 Nf4 35.Qc2 e3 36.Re1 e2
37.g4 Qd6 38.Bg1 fxg4 39.hxg4 Re6 40.a4 Rce8 41.axb5 axb5 42.Qb3 Kh8 43.Qxb5 Nd3  0-1

[Event "Acropolis Open"]
[Site "Athens GRE"]
[Date "2006.08.13"]
[Round "1"]
[White "Ignatiadis,K"]
[Black "Zhu Chen"]
[Result "0-1"]
[WhiteElo "2248"]
[BlackElo "2476"]

1.d4 Nf6 2.Bg5 Ne4 3.Bf4 c5 4.d5 Qb6 5.Qc1 g5 6.Be5 f6 7.Bg3 Bg7 8.c3 d6
9.Nd2 Nxg3 10.hxg3 Nd7 11.Ngf3 g4 12.Nh4 Ne5 13.Qc2 Bd7 14.e4 Qc7 15.Nc4 O-O-O
16.Ne3 Bh6 17.Nhf5 Bxe3 18.Nxe3 h5 19.Be2 Rdg8 20.O-O-O Kb8 21.Rdg1 Qc8 22.Qd1 Qe8
23.Bd3 Rg5 24.Bc2 Qg8 25.Kb1 a6 26.Qd2 Rg7 27.b3 Rgh7 28.Qd1 Qg5 29.Rh4 Ng6
30.Rhh1 h4 31.gxh4 Rxh4 32.Rxh4 Qxh4 33.g3 Qh5 34.Bd3 Ne5 35.Rf1 Qg6 36.Kb2 Rh2
37.a4 Qg5 38.Bc2 Nf3 39.Qd3 Qh5 40.Ka3 Ne5 41.Qe2 Qh3 42.Bd3 Qh8 43.Qc2 Qd8
44.Be2 Qa5 45.Kb2 Qc7 46.Qd1 Qc8 47.Bd3 Nf7 48.Qe1 Ne5 49.Qd1 Qh8 50.Ka3 Kc7
51.Be2 Qh7 52.Qc2 Kd8 53.Bd3 Ke8 54.Be2 Kf7 55.Kb2 Qh6 56.Ka3 Qg5 57.Kb2 Kg7
58.Kb1 Rxf2 59.Rxf2 Qxe3 60.Bd1 Qxg3 61.Qd2 Qd3+ 62.Qxd3 Nxd3 63.Rg2 Ne5
64.Kc1 Kg6 65.Kd2 Kg5 66.Ke3 Ng6 67.b4 Nf4 68.Rb2 c4 69.b5 a5 70.Be2 g3 71.Bxc4 g2
72.Kf2 f5 73.exf5 Bxf5 74.Kg1 Be4 75.Kh2 b6 76.Rd2 Kg4 77.Be2+ Kf5 78.Bc4 Nh3
79.Rxg2 Bxg2 80.Kxg2 Nf4+ 81.Kf3 Ke5  0-1

[Event "Acropolis Open"]
[Site "Athens GRE"]
[Date "2006.08.14"]
[Round "2"]
[White "Zhu Chen"]
[Black "Petritaj,Fo"]
[Result "1/2-1/2"]
[WhiteElo "2476"]
[BlackElo "2210"]

1.e4 c6 2.d4 d5 3.Nc3 dxe4 4.Nxe4 Nd7 5.Bd3 Ngf6 6.Ng5 e6 7.N1f3 Bd6 8.Qe2 h6
9.Ne4 Nxe4 10.Qxe4 Nf6 11.Qh4 Qa5+ 12.Bd2 Qh5 13.Qxh5 Nxh5 14.Ne5 Nf6 15.b4 Ke7
16.O-O Rd8 17.f4 Kf8 18.Rab1 Bd7 19.Nxd7+ Rxd7 20.Rf3 Be7 21.Bc3 Nd5 22.Be1 Nf6
23.c3 a5 24.bxa5 Rxa5 25.Bc4 b5 26.Bb3 c5 27.f5 c4 28.fxe6 fxe6 29.Bc2 Rxa2
30.Be4 Kg8 31.Bg6 Rb7 32.h4 Bd6 33.Re3 Rb6 34.Kh1 Bf4 35.Rf3 Bc7 36.Bf2 Rb8
37.Be3 e5 38.dxe5 Bxe5 39.Bc5 Rba8 40.Bg1 R2a5 41.Re1 Bd6 42.Rd1 Be7 43.Rf5 Rb8
44.Re5 Bf8 45.Rb1 Ng4 46.Re4 h5 47.Rf4 Bd6 48.Rf5 Nf6 49.Bd4 Rba8 50.Rfxb5 Rxb5
51.Rxb5 Ra1+ 52.Rb1 Rxb1+ 53.Bxb1 Bg3 54.Ba2 Bxh4 55.Bxc4+ Kf8 56.Bd3 Bg3
57.Bg6 Ke7 58.Kg1 Kd6 59.c4 Be5 60.Ba7 Kc6 61.Kf1 Bd6 62.Bd4 Bc5 63.Bc3 Bd6
64.Ke2 Kc5 65.Kd3 Bg3 66.Bb2 Kb4 67.Bd4 h4 68.Bf5 Nh5 69.c5 Kb5 70.Bd7+ Ka6
71.Ke2 Kb7 72.Kf3 Kc7 73.Ba4 Nf6 74.Bc3 Nd7 75.Bxd7 Kxd7 76.Bxg7 Kc6 77.Bf8 Kd5
78.Be7 Be1 79.Ke2 Bg3 80.Bd6 Bxd6 81.cxd6 Kxd6 82.Kf3 h3 83.g4 Ke6  1/2-1/2

[Event "Acropolis Open"]
[Site "Athens GRE"]
[Date "2006.08.15"]
[Round "3"]
[White "Sandalakis,A"]
[Black "Zhu Chen"]
[Result "0-1"]
[WhiteElo "2220"]
[BlackElo "2476"]

1.Nf3 d5 2.g3 c6 3.Bg2 Bg4 4.b3 Nd7 5.Bb2 Ngf6 6.O-O e6 7.c4 Bd6 8.d4 O-O
9.Nbd2 Qb8 10.Re1 Bh5 11.Qc1 Ne4 12.Nxe4 dxe4 13.Ng5 Nf6 14.Nxe4 Nxe4 15.Bxe4 f5
16.Bf3 Qe8 17.Qc3 Bg4 18.Bxg4 fxg4 19.Qe3 Qg6 20.Rf1 Rf5 21.Rad1 Raf8 22.d5 exd5
23.cxd5 Re8 24.Qxa7 Rxe2 25.Bd4 Rxd5 26.Qxb7 Bf8 27.a4 Qd6 28.Qb6 Re4 29.a5 Rdxd4
30.Ra1 Rb4 31.Qa6 Rxb3 32.Rfd1 Qf6 33.Ra2 Rd4 34.Re1 Rbd3 35.Qb7 Rd1 36.Re2 Rxe1+
37.Rxe1 Rb4 38.Qa7 h6 39.a6 Rb5 40.Qd7 Rb2 41.Rf1 Ra2 42.a7 Qf7 43.Qxc6 Rxa7
44.Qe4 Qf3 45.Qc4+ Rf7 46.Qe6 Kh7 47.Qc4 Rf5 48.Qa2 Bc5 49.Qc2 h5 50.Qd2 h4
51.gxh4 g3  0-1

[Event "Acropolis Open"]
[Site "Athens GRE"]
[Date "2006.08.16"]
[Round "4"]
[White "Zhu Chen"]
[Black "Nikolaidis,I"]
[Result "1-0"]
[WhiteElo "2476"]
[BlackElo "2538"]

1.d4 Nf6 2.c4 e6 3.Nf3 c5 4.d5 exd5 5.cxd5 Bd6 6.Nc3 Bc7 7.e4 d6 8.h3 O-O
9.Bd3 a6 10.a4 Re8 11.O-O Nbd7 12.Bf4 Nf8 13.Nd2 Ng6 14.Bg3 Ne5 15.Be2 Bd7
16.Qc2 Rb8 17.Rfc1 b5 18.axb5 axb5 19.b4 c4 20.Nf3 Bb6 21.Ra6 Bc8 22.Ra2 Qd7
23.Qd2 Nxf3+ 24.Bxf3 Bb7 25.Bh4 Bd8 26.Qf4 h6 27.Bg3 Bc7 28.Rca1 Ra8 29.Bg4 Rxa2
30.Rxa2 Nxg4 31.Qxg4 f5 32.Qxf5 Qxf5 33.exf5 Re1+ 34.Kh2 Bb6 35.Bxd6 Bd4
36.Nxb5 Bf6 37.Nc7 c3 38.Bf4 Re4 39.Bd6 Rd4 40.Re2 Kf7 41.Re8 Be5+ 42.Rxe5 c2
43.Re8  1-0

[Event "Acropolis Open"]
[Site "Athens GRE"]
[Date "2006.08.17"]
[Round "5"]
[White "Kotanjian,T"]
[Black "Zhu Chen"]
[Result "1/2-1/2"]
[WhiteElo "2515"]
[BlackElo "2476"]

1.d4 Nf6 2.c4 e6 3.Nc3 Bb4 4.Qc2 O-O 5.a3 Bxc3+ 6.Qxc3 d6 7.Bg5 Nbd7 8.Nf3 b6
9.Nd2 h6 10.Bh4 Bb7 11.f3 Rc8 12.e4 e5 13.Bd3 Re8 14.O-O Nf8 15.dxe5 dxe5
16.c5 Ne6 17.Nb3 Nf4 18.Nc1 bxc5 19.Kh1 Nxd3 20.Qxd3 Qd6 21.Qc2 c4 22.Rd1 Qc6
23.Na2 Nd7 24.Nb4 Qb5 25.Be1 a5 26.a4 Qc5 27.Nd5 Rb8 28.Rac1 Ba6 29.b4 cxb3
30.Qxc5 Nxc5 31.Rxc5 b2 32.Nc3 Red8 33.Rcd5 Rxd5 34.exd5 Be2 35.Rd2 Bc4 36.Nb1 Ba2
37.Rd1 Bb3 38.Rd2 Ba2 39.Rd1 Bb3 40.Rd2 Ba2  1/2-1/2

[Event "Acropolis Open"]
[Site "Athens GRE"]
[Date "2006.08.18"]
[Round "6"]
[White "Zhu Chen"]
[Black "Mastrovasilis,A"]
[Result "1-0"]
[WhiteElo "2476"]
[BlackElo "2521"]

1.d4 Nf6 2.c4 e6 3.Nf3 d5 4.Nc3 Bb4 5.Qa4+ Nc6 6.Bg5 h6 7.Bxf6 Qxf6 8.e3 O-O
9.Rc1 Qg6 10.Qc2 Bxc3+ 11.Qxc3 a5 12.a3 a4 13.g3 Qe4 14.Bg2 e5 15.O-O Bh3
16.Bxh3 Qxf3 17.Bg2 exd4 18.Bxf3 dxc3 19.cxd5 cxb2 20.Rc2 Na5 21.Rb1 b5 22.Rcxb2 Nc4
23.Ra2 Rab8 24.Rb4 Rfc8 25.Bd1 c5 26.dxc6 Ne5 27.Be2 Rxc6 28.Rxb5 Rxb5 29.Bxb5 Rc3
30.Bxa4 Nc4 31.Rc2 Rxc2 32.Bxc2  1-0

[Event "Acropolis Open"]
[Site "Athens GRE"]
[Date "2006.08.21"]
[Round "9"]
[White "Zhu Chen"]
[Black "Gelashvili,T"]
[Result "0-1"]
[WhiteElo "2476"]
[BlackElo "2575"]

1.e4 c5 2.Nf3 d6 3.d4 cxd4 4.Nxd4 Nf6 5.Nc3 Nc6 6.Bg5 e6 7.Qd2 Be7 8.O-O-O Nxd4
9.Qxd4 a6 10.f4 b5 11.Bxf6 gxf6 12.e5 d5 13.Kb1 Bb7 14.f5 fxe5 15.Qxe5 Bf6
16.Qg3 Qe7 17.fxe6 fxe6 18.Be2 h5 19.a4 h4 20.Qg6+ Qf7 21.Qxf7+ Kxf7 22.Rhf1 bxa4
23.Ne4 dxe4 24.Rd7+ Kg6 25.Rxb7 Rhb8 26.Bxa6 a3 27.Rxb8 Rxb8 28.b4 Rxb4+
29.Ka2 Be7 30.Rb1 Rxb1 31.Kxb1 Kf5 32.Bc4 Bd6 33.Ka2 e3 34.Bd3+ Kg5 35.c4 Bxh2
36.Kxa3 Kf4  0-1

[Event "10th OIBM"]
[Site "Bad Wiessee GER"]
[Date "2006.11.04"]
[Round "1"]
[White "Giovannini,R"]
[Black "Zhu Chen"]
[Result "0-1"]
[WhiteElo "2036"]
[BlackElo "2501"]

1.d4 d5 2.Bf4 Nf6 3.e3 g6 4.Nf3 Bg7 5.Be2 O-O 6.O-O Nbd7 7.Nbd2 Nh5 8.Bg5 h6
9.Bh4 c5 10.c3 g5 11.Ne1 Nf4 12.exf4 gxh4 13.dxc5 Nxc5 14.Nd3 Ne4 15.Nf3 e6
16.Nfe5 b6 17.Qc1 Bb7 18.Qe3 Rc8 19.Rfd1 Qe7 20.Qh3 Kh7 21.Bh5 Rc7 22.Re1 Qd8
23.Rad1 Nd6 24.Nb4 Qf6 25.Qd3+ Kh8 26.g3 Nc4 27.Nxc4 Rxc4 28.Nc2 Rg8 29.Ne3 Rc7
30.Ng4 Qd8 31.Ne5 Rf8 32.Rd2 Kg8 33.Bd1 hxg3 34.hxg3 Qe8 35.Bc2 f5 36.Qe3 Rf6
37.Bd1 Bf8 38.Nf3 Bc5 39.Qe5 Qd8 40.Nd4 Bc8 41.Kg2 Rg7 42.Rh1 Qf8 43.Nf3 Bb7
44.Rh4 Rfg6 45.Qe2 d4 46.cxd4 Bxd4 47.Kh3 Bf6 48.Rh5 Be4 49.Bb3 Qf7 50.Nh4 Bxh4
51.Rxh4 Qb7 52.Kh2 Kh7 53.Qf1 Qc7 54.Qc4 Qe7 55.Qd4 Ba8 56.Qd3 Qb7 57.Qf1 Rc7
58.Rd1 Qf3 59.Re1 Rd7 60.Re3 Qc6 61.Rc3 Qb7 62.Kg1 Rd2 63.Rh2 Qe4 64.Re3 Qxe3  0-1

[Event "10th OIBM"]
[Site "Bad Wiessee GER"]
[Date "2006.11.05"]
[Round "2"]
[White "Zhu Chen"]
[Black "Balmazi,L"]
[Result "1-0"]
[WhiteElo "2501"]
[BlackElo "2166"]

1.e4 c5 2.Nf3 e6 3.d4 cxd4 4.Nxd4 Nf6 5.Nc3 Nc6 6.Ndb5 Bb4 7.a3 Bxc3+ 8.Nxc3 d5
9.exd5 exd5 10.Bd3 O-O 11.O-O d4 12.Ne2 Qd6 13.Bf4 Qd5 14.Ng3 Re8 15.Re1 Rxe1+
16.Qxe1 Be6 17.Rd1 Bg4 18.f3 Be6 19.Qf2 Qa2 20.Bc1 Rd8 21.Bg5 Ne5 22.Nh5 Nxh5
23.Bxd8 Qxb2 24.Be4 Nf4 25.Bc7 f6 26.Bxh7+ Kxh7 27.Qh4+ Kg8 28.Qxf4 Qxc2
29.Rc1 Qb2 30.Bxe5 fxe5 31.Qg5 d3 32.Qd8+ Kf7 33.Rc7+ Kg6 34.Qxd3+ Bf5 35.Qd6+ Kh7
36.h3 e4 37.Qc5 Qb1+ 38.Kh2 exf3 39.Qe5 Bd7 40.Qh5+ Kg8 41.Rxd7  1-0

[Event "10th OIBM"]
[Site "Bad Wiessee GER"]
[Date "2006.11.06"]
[Round "3"]
[White "Thormann,W"]
[Black "Zhu Chen"]
[Result "0-1"]
[WhiteElo "2275"]
[BlackElo "2501"]

1.Nf3 d5 2.d4 c6 3.c3 Bf5 4.Bf4 Nd7 5.Nbd2 e6 6.Qb3 Qc8 7.Nh4 Bg4 8.h3 Bh5
9.g4 Be7 10.Bg3 Bxh4 11.Bxh4 Bg6 12.Bg2 h5 13.Bg3 Ngf6 14.g5 h4 15.Bd6 Nh7
16.f4 Nb6 17.a4 Qd7 18.Bc5 Nc8 19.Nf3 Qc7 20.e3 Be4 21.Rg1 Nf8 22.Ne5 Bf5
23.a5 f6 24.gxf6 gxf6 25.Ng4 Nd7 26.Ba3 Nd6 27.Qb4 Nc8 28.Bf3 b6 29.axb6 axb6
30.Kf2 Kf7 31.Rg2 c5 32.Qb3 c4 33.Qb4 Nc5 34.dxc5 bxc5 35.Qb5 Ra5 36.Qxa5 Qxa5  0-1

[Event "10th OIBM"]
[Site "Bad Wiessee GER"]
[Date "2006.11.07"]
[Round "4"]
[White "Zhu Chen"]
[Black "Welling,G"]
[Result "1-0"]
[WhiteElo "2501"]
[BlackElo "2371"]

1.e4 d5 2.exd5 Nf6 3.d4 Nxd5 4.c4 Nb6 5.Nc3 e5 6.Nf3 Bg4 7.c5 exd4 8.cxb6 dxc3
9.Bg5 Qxg5 10.Nxg5 Bxd1 11.bxc7 Nc6 12.Kxd1 cxb2 13.Rb1 Ba3 14.h4 Rc8 15.Rh3 Be7
16.Rxb2 Rxc7 17.Rhb3 O-O 18.Rxb7 Rd8+ 19.Ke1 Rcc8 20.Bc4 Bxg5 21.hxg5 Ne5
22.Ba6 Re8 23.Re2 Rc1+ 24.Kd2 Rc5 25.f4 Rd8+ 26.Ke1 Ng4 27.Ree7 Rc1+ 28.Ke2 Rc2+
29.Kf3 h5 30.Rxf7 Rc3+ 31.Ke4 Re3+ 32.Kf5 Kh8 33.Kg6 Re6+ 34.Kxh5 Ne3 35.Rxa7 g6+
36.Kh4 Nxg2+ 37.Kg3 Ne3 38.Kf3 Kg8 39.Rfb7  1-0

[Event "10th OIBM"]
[Site "Bad Wiessee GER"]
[Date "2006.11.09"]
[Round "6"]
[White "Zhu Chen"]
[Black "Wiley,To"]
[Result "1/2-1/2"]
[WhiteElo "2501"]
[BlackElo "2335"]

1.e4 e6 2.d4 d5 3.Nc3 Bb4 4.e5 c5 5.a3 Bxc3+ 6.bxc3 Ne7 7.Qg4 O-O 8.Bd3 f5
9.exf6 Rxf6 10.Qh5 h6 11.Qd1 Nbc6 12.Nf3 Qc7 13.O-O e5 14.Nxe5 Nxe5 15.dxe5 Qxe5
16.Re1 Qd6 17.c4 d4 18.Rb1 b6 19.Be4 Nc6 20.c3 Bf5 21.cxd4 Bxe4 22.Rxe4 Nxd4
23.Bb2 Rd8 24.Qa4 Rf7 25.Re8+ Rxe8 26.Qxe8+ Rf8 27.Qe4 Rf4 28.Qe8+ Rf8 29.Qe4 Rf6
30.Qa8+ Rf8 31.Qe4 Rf4  1/2-1/2

[Event "10th OIBM"]
[Site "Bad Wiessee GER"]
[Date "2006.11.10"]
[Round "7"]
[White "Jakobsen,O"]
[Black "Zhu Chen"]
[Result "0-1"]
[WhiteElo "2380"]
[BlackElo "2501"]

1.d4 d5 2.c4 c6 3.Nf3 Nf6 4.e3 Bf5 5.Nc3 e6 6.Nh4 Bg6 7.Be2 Nbd7 8.Qb3 Qc7
9.Bd2 Be7 10.Nxg6 hxg6 11.h3 Nb6 12.cxd5 exd5 13.a4 g5 14.O-O-O a6 15.Kb1 Nc8
16.f3 Nd6 17.e4 dxe4 18.Bxg5 exf3 19.Bxf3 O-O 20.Bf4 b5 21.Qc2 Qd7 22.Rhe1 Rac8
23.g4 Nd5 24.Bxd5 cxd5 25.Bxd6 Qxd6 26.axb5 axb5 27.Nxb5 Qa6 28.Nc7 Qd6 29.Nb5 Qd7
30.Nc3 Bb4 31.Re3 Ra8 32.Qf5 Qa7 33.Qxd5 Rfb8 34.Kc2 Bxc3 35.bxc3 Qa4+ 36.Kd2 Rb2+
37.Ke1 Qxd1+  0-1

[Event "10th OIBM"]
[Site "Bad Wiessee GER"]
[Date "2006.11.11"]
[Round "8"]
[White "Zhu Chen"]
[Black "Malakhatko,V"]
[Result "1-0"]
[WhiteElo "2501"]
[BlackElo "2617"]

1.d4 d5 2.c4 c6 3.Nc3 Nf6 4.e3 a6 5.Nf3 e6 6.b3 Bb4 7.Bd2 Nbd7 8.Bd3 O-O
9.O-O Bd6 10.Qc2 h6 11.Rad1 e5 12.cxd5 cxd5 13.dxe5 Nxe5 14.Nxe5 Bxe5 15.Ne2 Bg4
16.h3 Rc8 17.Qb1 Bd7 18.Rc1 Qb6 19.Rfd1 Rc6 20.Bc3 Bxc3 21.Rxc3 Rfc8 22.Rc2 Rxc2
23.Bxc2 Be6 24.Bd3 a5 25.Nd4 Qc5 26.Qb2 Bd7 27.Bf5 Qd6 28.Qd2 Bxf5 29.Nxf5 Qe5
30.Nd4 Rc5 31.f3 h5 32.Rc1 Qc7 33.Rxc5 Qxc5 34.Qc2 Qxc2 35.Nxc2 Kf8 36.Kf2 Ke7
37.Kg3 Nd7 38.Kh4 g6 39.Kg5 Nf6 40.Nd4 Nh7+ 41.Kh6 Nf6 42.Nb5 Ne8 43.Kg5 Ng7
44.Nc7 d4 45.exd4 Nf5 46.Nb5 h4 47.Kf4 Ke6 48.Ke4 Ng3+ 49.Kd3 Nh5 50.Ke3 g5
51.Nc3 Nf4 52.Kf2 f5 53.g3 hxg3+ 54.Kxg3 Nh5+ 55.Kf2 Kd6 56.Ne2 Kd5 57.Ke3 Ke6
58.Kd3 Kd5 59.a4 b6 60.Ke3 Ke6 61.Kd2 Kd6 62.Kc3 Kc6 63.Kc4 Nf6 64.Ng3 g4
65.fxg4 fxg4 66.h4 Kd6 67.h5 Ke6 68.Kb5 Kd5 69.Kxb6 Kxd4 70.Kxa5 Ke5 71.h6 Nh7
72.b4 Kf4 73.Nf1  1-0

[Event "10th OIBM"]
[Site "Bad Wiessee GER"]
[Date "2006.11.12"]
[Round "9"]
[White "Sokolov,And1"]
[Black "Zhu Chen"]
[Result "1/2-1/2"]
[WhiteElo "2572"]
[BlackElo "2501"]

1.e4 e5 2.Nf3 Nc6 3.Bb5 a6 4.Ba4 Nf6 5.O-O Be7 6.Re1 b5 7.Bb3 O-O 8.h3 Bb7
9.d3 d6 10.a3 Na5 11.Ba2 c5 12.Nc3 Nc6 13.Nd5 Nxd5 14.Bxd5 Qc7 15.a4 Nb4
16.Bxb7  1/2-1/2

[Event "XV Asiad Women's Rapid"]
[Site "Doha QAT"]
[Date "2006.12.02"]
[Round "1"]
[White "Zhu Chen"]
[Black "Jamalia,N"]
[Result "1-0"]
[WhiteElo "2501"]
[BlackElo "1988"]

1.d4 d5 2.c4 e6 3.Nc3 Nf6 4.Nf3 Be7 5.Bg5 Nbd7 6.e3 c6 7.Rc1 O-O 8.a3 dxc4
9.Bxc4 Nd5 10.Bxe7 Qxe7 11.O-O N5b6 12.Ba2 e5 13.Re1 Kh8 14.e4 exd4 15.Qxd4 Nf6
16.e5 Ng8 17.Ne4 Be6 18.Bb1 Rad8 19.Nd6 Nc8 20.Rcd1 Bd5 21.Nf5 Qc7 22.Ng5 h6
23.Qh4 Nce7 24.Nd6 Ng6 25.Bxg6 fxg6 26.Nh3 Rxd6 27.exd6 Qxd6 28.Qg3 Qf6 29.b4 Ne7
30.Qe5 Qxe5 31.Rxe5 Nf5 32.Nf4 Kh7 33.Nxd5 cxd5 34.Rexd5 Re8 35.h3 Re2 36.Rd7 Ra2
37.R1d3  1-0